|
|
|
|
| LEADER |
00000nam a22000007a 4500 |
| 005 |
20220718222935.0 |
| 007 |
cr|||| |||| |
| 008 |
220718s2019 br |||||s|||| 00||0 por d |
| 020 |
|
|
|a 978-8593741-66-1
|
| 035 |
|
|
|a 36724
|
| 040 |
|
|
|a vLex
|
| 090 |
|
|
|c 13575
|d 13575
|
| 100 |
1 |
|
|a da Silva Machado, Jeanne
|
| 245 |
1 |
1 |
|a A solidariedade social e a sustentabilidade na responsabilidade ambiental globalizada
|h [Recurso electrn̤ico] /
|c Jeanne da Silva Machado
|
| 256 |
|
|
|a Servicio en ln̕ea
|
| 260 |
|
|
|a Rio de Janeiro:
|b Editora Processo,
|c 2019
|
| 300 |
|
|
|a 1 recurso electrn̤ico
|
| 500 |
|
|
|a O tema aqui tratado abrange as noė̳s de solidariedade e sustentabilidade como pressupostos da responsabilidade ambiental, a partir da anl̀ise das relaė̳s da rede de atores, bem como das relaė̳s de disputa sociais, tomando por base a observaȯ̂ de casos de aterros sanitr̀ios Alm̌ disso, a pesquisa buscou identificar as fontes dos resd̕uos e as conexe̳s do espectro da contaminaȯ̂ com o prp̤rio comportamento da sociedade, levando ̉necessidade de uma anl̀ise mais detalhada dessas relaė̳s nas suas causas mais profundas. ° medida que a pesquisa se desenvolvia, ampliava-se a r̀ea a ser pesquisada, uma vez que a resistn̊cia das populaė̳s dos pas̕es altamente industrializados deu origem a um movimento conhecido como NIMBY (nô no meu quintal), restringindo as atividades poluentes e fazendo com que a disposiȯ̂ dos resd̕uos tx̤icos passasse a ter outros destinos fora dos estados produtores, geralmente direcionados para os pas̕es do leste europeu e da ℓfrica, cujas legislaė̳s ambientais ainda eram menos restritivas. O estudo de tais eventos os relaciona ̉sustentabilidade, como a capacidade de equilibrar a utilizaȯ̂ dos recursos naturais com a sua conservaȯ̂, ou seja, a manutenȯ̂ da capacidade de regeneraȯ̂ da Terra para prover recursos necessr̀ios ̉vida e absorver os resd̕uos consequentes, levando em consideraȯ̂ a degradaȯ̂ ambiental decorrente do uso excessivo de recursos renovv̀eis que levam ̉poluiȯ̂, o empobrecimento da biota, escassez de recursos, bem como a toxicidade, risco ̉sad︢e humana, mudanȧs climt̀icas e desequilb̕rio qum̕ico dos ecossistemas.
|
| 506 |
1 |
|
|a Disponible solo en los productos indicados
|d vLex Global
|d vLex Global (Academic Edition, excluding Law Schools)
|d vLex Global (U.S. Academic Edition, Law Schools)
|d vLex Global (U.S. Academic Edition, excluding Law Schools)
|d vLex Global (Academic Edition, Law Schools)
|
| 650 |
0 |
4 |
|a Proteccin̤ del Medio Ambiente
|z Brasil
|
| 650 |
0 |
4 |
|a Derecho del Medio Ambiente
|z Brasil
|
| 740 |
0 |
|
|a vLex Libros (Servicio en ln̕ea)
|
| 856 |
4 |
0 |
|u https://app.vlex.com/#/sources/36724
|z Acceso restringido
|
| 942 |
|
|
|c BOOK
|
| 999 |
0 |
|
|a Environmental Protection
|
| 999 |
0 |
|
|a Environmental Law
|